Pressure Groups (Record no. 931)

MARC details
000 -LEADER
fixed length control field 00407nam a2200169Ia 4500
008 - FIXED-LENGTH DATA ELEMENTS--GENERAL INFORMATION
fixed length control field 240428s9999||||xx |||||||||||||| ||und||
020 ## - INTERNATIONAL STANDARD BOOK NUMBER
International Standard Book Number 0198780524
041 ## - LANGUAGE CODE
Language code of text/sound track or separate title eng
082 ## - DEWEY DECIMAL CLASSIFICATION NUMBER
Classification number 324.4R
100 ## - MAIN ENTRY--PERSONAL NAME
Personal name Richardson, Jeremy J
245 #0 - TITLE STATEMENT
Title Pressure Groups
260 ## - PUBLICATION, DISTRIBUTION, ETC.
Name of publisher, distributor, etc. Oxford University Press
Place of publication, distribution, etc. Oxford, New York
Date of publication, distribution, etc. 1993
300 ## - PHYSICAL DESCRIPTION
Extent 272p.:tabs, illus.
650 ## - SUBJECT ADDED ENTRY--TOPICAL TERM
Topical term or geographic name entry element Pressure
942 ## - ADDED ENTRY ELEMENTS (KOHA)
Koha item type Books
Holdings
Withdrawn status Lost status Damaged status Not for loan Home library Current library Shelving location Date acquired Total checkouts Full call number Date last seen Copy number Price effective from Koha item type
        Main Library Main Library Open Shelves 23/03/2022   324.4R 00784 C1 29/04/2024 1 29/04/2024 Books
©2026  Parliament of Ghana Library - All rights reserved